000 00895nam a2200289Ia 4500
001 D1356
003 IT-RoPAU
008 130308s9999 xx 000 0 und d
040 _aIT-RoPAU
040 _cIT-RoPAU
041 _aITALIANO
100 _aAssis da Silva Ignacio
100 _gCodice Aut. SPICS: 19635
245 _aArte astratta: una poetica della spoliazione
245 _bLeggere L'Opera d'arte . Dal Figurativo All'Astratto
250 _a1a ed.
260 _aBOLOGNA
260 _bEsculapio
260 _c1991 [1° Ed.:1991 - Ed.Ling.Originale:1987]
300 _a"5 p. (prefazione: no ; testo: 5 [pagine: 101-105])"
500 _aSostrato Figurativo. Figuratività. Dal Figurativo al Non Figurativo. Poetica o poetiche delle Opere d'arte .
650 _aSAGGI DI SEMIOLOGIA
650 _eCodice materia Spics: 3257
942 _cBK
957 _71
999 _c78360
_d78360
999 _g1